00820nam a2200205Ia 4500003000400000005001700004008004100021040002100062041000800083082002400091100003500115245009700150260004400247300002900291490004200320505014800362650004600510650001900556700003900575OSt20200911122740.0191128s1981 ck gr 000 0 spa d aCO-JMCRcCO-JMCR0 aspa04a364.16 /bA383d2231 aAguilar Pardo, José, eautor10aDelitos contra el patrimonio económico / cJosé Aguilar Pardo y Gilberto Martínez Rave aMedellín : bEditorial Lealon, c1981 a119 páginas ; c20 cm.0 aColección actualidad juridica ; v10 aNociones de los delitos contra el patrimonio económico -- El cheque ante las nuevas normas penales -- Apéndices legislativos Ley 95 de 193614aDelitos contra el patrimonio económico 14aCódigo penal1 aMartínez Rave, Gilberto, eautor